000 00328nam a22001457a 4500
008 210607b ||||| |||| 00| 0 eng d
020 _a2900324598277
041 _aeng
080 _23rd
_a311
082 _a311
100 _a55
101 _aSTA
245 _aModern Business Statistics
_cDavid R. Anderson
942 _2udc
_cBK
999 _c57986
_d57986